000 00350cam a22000977a 4500
008 180718b1977 xxu||||| |||| 00| 0 eng d
082 _aR11x5444 K147c
245 _aReport on the survey to ascertain the employment status of commerce graduates
_cby Planning Department, Karnataka
260 _aBangalore
_b
_c1977
700 _aKarnataka. Planning Department
999 _c495574
_d495574